000 00426nam a2200157Ia 4500
008 230917s9999||||xx |||||||||||||| ||und||
020 _cPOU27.5
040 _e17953
_aMAIN
041 _aEnglish
082 _a531.3823 A45R
100 _aAchenbach, J D
245 0 _aRay methods for waves in plastic solids with applications to scattering by cracks
260 _aBoston
_bPitman
_c1982
300 _axi, 251 p.
942 _cBK
999 _c39995
_d39995